000 00282nam a22001337a 4500
008 170421b xxu||||| |||| 00| 0 eng d
020 _a9780072356922
041 _aeng
080 _25 ED
_a573
100 _a11
101 _aSHM
245 _aBIOLOGY
_cJOHNSO,R
942 _2udc
_cBK
999 _c11511
_d11511